Modern-Day Countries of the Safavid Empire on a map - Statistics

General Stats
  • This quiz has been taken 1,262 times
  • The average score is 13 of 13
Answers on the Map
Answers color-coded by a green-red scale on the quiz's map according to % correct below.
 
Answer Stats
Answer % Correct
Iran
100%
Iraq
100%
Afghanistan
99%
Armenia
99%
Azerbaijan
99%
Georgia
99%
Pakistan
99%
Russia
99%
Turkey
99%
Kuwait
98%
Syria
98%
Turkmenistan
98%
Bahrain
93%
No matching quizzes found
Score Distribution
Percent of People with Each Score
Percentile by Number Answered
Your Score History
You have not taken this quiz